000 00836nam a2200253Ia 4500
003 OSt
005 20221005113258.0
006 a|||||r|||| 00| 0
007 ta
008 221004b |||||||| |||| 00| 0 pan d
020 _a8173801940 (hbk)
_c150
024 _a3703
037 _b750, 12/03/2013, Bright Book Service
_cTextual
040 _aCRL
_cCRL
_bpan
041 _2pan
_apan
082 _aQ8441, 153N5;Q2
100 _aਵਗ਼ੀਰ ਸਿੰਘ
245 0 _aਸਿੱਖ ਦਰFਨਧਾਰਾ
260 _aਪਟਿਆਲਾ
_bਪੰਜਾਬੀ ਯੂਨੀਵਰਸਿਟੀ ਭਾਰਤ
_c2012
300 _a151ਪੰ
_ccm.
650 _aਧਰਮ
942 _hQ8441, 153N5;Q2
_cTEXL
_2cc
999 _c1027627
_d1027627